Dòng sản phẩm Herba - V một giải pháp cho sự phát triển dược liệu Việt Nam /

Kaydedildi:
Detaylı Bibliyografya
Yazar: Tạ Ngọc Dũng.
Materyal Türü: Makale
Dil:Vietnamese
Konular:
Etiketler: Etiketle
Etiket eklenmemiş, İlk siz ekleyin!
Thư viện lưu trữ: Thư viện Trường Đại học Đà Lạt
LEADER 00794nam a2200265 4500
001 DLU090103096
005 ##20091229
040 # # |a DLU  |b vie 
041 # # |a vie 
044 # # |a vn 
100 # # |a Tạ Ngọc Dũng. 
245 # # |a Dòng sản phẩm Herba - V một giải pháp cho sự phát triển dược liệu Việt Nam /  |c Tạ Ngọc Dũng. 
653 # # |a Dược liệu 
653 # # |a Thuốc tân dược 
653 # # |a Y học hiện đại 
773 # # |t Cây thuốc quý  |g Số10(117), 2008, tr. 5 
920 # # |a Phòng Tạp chí -- Trung tâm Thông tin - Thư viện Trường Đại học Đà Lạt 
994 # # |a DLU 
900 # # |a True 
911 # # |a Nguyễn Thị Linh Chi 
925 # # |a G 
926 # # |a A 
927 # # |a BB 
980 # # |a Thư viện Trường Đại học Đà Lạt